| 000 | | | 05135cbm0a2200325#x 450 |
| 001 | | | b0aaa0e0-2730-4d81-ac0c-abcc6f847d90 |
| 005 | | | 20210615160957.0 |
| 100 | ## | $a | 20210526j19400223k###0rusy50 ca |
| 101 | 0# | $a | rus |
| 102 | ## | $a | DE |
| 122 | 0# | $a | d19400223## |
| 200 | 1# | $a | Информационное письмо управляющего Генеральным консульством СССР в Данциге М. Е. Коптелова в Консульский отдел НКИД СССР о поступающих письменных обращениях с ходатайством о переселении из зоны государственных интересов Германии на территорию СССР |
| | $j | 23 февраля 1940 г. |
| 251 | ## | $c | Документ |
| 300 | ## | $a | Подлинник |
| 461 | #0 | $1 | 2001 |
| | $a | Ф. 082 |
| | $1 | 251 |
| | $c | Фонд |
| | $1 | 852 |
| | $j | 082 |
| 462 | #0 | $1 | 2001 |
| | $a | Оп. 23. П. 103 |
| | $1 | 251 |
| | $c | Опись |
| | $1 | 852 |
| | $j | 23. П. 103 |
| 462 | #0 | $1 | 2001 |
| | $a | Д. 50 |
| | $v | Л. 28-29 |
| | $1 | 251 |
| | $c | Дело |
| | $1 | 852 |
| | $j | 50 |
| 605 | ## | $2 | prlib_sh |
| | $3 | LIBNET\UAF\0000088514 |
| | $a | Вторая мировая война в архивных документах (Комплекс оцифрованных архивных документов, кино- и фотоматериалов) |
| | $l | коллекция |
| 606 | 1# | $2 | prlib_sh |
| | $3 | LIBNET\UAF\0000095857 |
| | $a | Евреи |
| | $x | Эмиграция |
| | $y | Германия |
| | $z | 1940 |
| | $j | Документы и материалы |
| 606 | 1# | $2 | prlib_sh |
| | $3 | LIBNET\UAF\0000095858 |
| | $a | Евреи |
| | $x | Иммиграция |
| | $y | СССР |
| | $z | 1940 |
| | $j | Документы и материалы |
| 607 | ## | $2 | prlib_sh |
| | $3 | LIBNET\UAF\0000093303 |
| | $a | СССР |
| | $x | Переселенческая политика |
| | $z | 1940 |
| | $j | Документы и материалы |
| 617 | ## | $2 | prlib_sh |
| | $a | Германия |
| | $f | 1940 |
| 686 | ## | $a | 63.3(2)621-284.6ю11 |
| | $v | LBC/M |
| | $2 | rubbk |
| 686 | ## | $a | 63.3(4Гем)62-6 |
| | $v | LBC/M |
| | $2 | rubbk |
| 801 | #0 | $a | RU |
| | $b | ПБ им. Б.Н. Ельцина |
| | $c | 20210526 |
| 801 | #1 | $a | RU |
| | $b | ПБ им. Б.Н. Ельцина |
| | $c | 20210526 |
| | $2 | rusmarc |
| 801 | #2 | $a | RU |
| | $b | ПБ им. Б.Н. Ельцина |
| | $c | 20210615 |
| | $2 | rusmarc |
| 850 | ## | $a | Архив внешней политики Российской Федерации |
| 852 | ## | $a | АВП РФ |
| | $j | Л. 28-29 |
| 856 | 4# | $n | ПБ им. Б.Н. Ельцина |
| | $u | http://readingroom.main.prlib.ru/item.aspx?id_node=n165217378&mode=full |
| 035 | ## | $a | LIBNET\0001156499 |
| 937 | ## | $d | 165217378 |
| | $h | Федеральное архивное агентство |